000 00434nam a2200205Ia 4500
001 001502
003 YMCAF
005 20230512160103.0
008 100717s1971 ||||||||||||||||| ||und|d
024 _a1502
035 _a1483
040 _aYMCAF
_beng
_cIN-KoLT
041 _aeng
082 _aIND-LUS
100 _aLUSH CLIFORDK.
245 0 _aINDUSTRIAL ARTS ELECTRICITY
260 _c1971
300 _a160
942 _2ddc
_cBK
999 _c1216
_d1216